| 000 | 00583nam a2200205 4500 | ||
|---|---|---|---|
| 003 | OSt | ||
| 005 | 20260601171011.0 | ||
| 008 | 260507b2019\\\\|||ao|||\||||\00|\0\spa\d | ||
| 040 |
_aICI _bspa _cICI |
||
| 050 |
_aNK5114.M6 _bI58 2019 |
||
| 110 |
_aMuseo Franz Mayer _933156 |
||
| 245 | 1 |
_aVidrio México diseño: _b Colección a+d>mx |
|
| 264 |
_bMuseo Franz Mayer _c2019 _aMéxico |
||
| 300 | _a40 páginas | ||
| 336 |
_atexto _2rdacontent |
||
| 337 |
_asin medio _2rdamedia |
||
| 338 |
_avolumen _2rdacarrier |
||
| 650 |
_aGlassart _vExhibitions _zMéxico _933157 |
||
| 942 |
_2lcc _cB _n1 |
||
| 999 |
_c20511 _d20511 |
||